00429nam a2200169Ia 4500003000400000008004100004040001600045082001600061100001900077245004300096260004000139300001000179650001100189650002500200650001400225650002000239GCL140319s9999 xx 000 0 eng d aGCL / cGCL04a822.33bS S1 aSCHOENBAUM, S.10aSHAKESPEARE'S LIVES / cSCHOENBAUM, S. a[S.N] : bCLARENDON PRESS ، c1991 a612 P04aPOETRY04aSHAKESPEARE, WILLIAM04aBIOGRAPHY04aFICTION - DRAMA